000 00664cab a2200205 4500
001 WB2534-10
008 090401t1989 xxu||||| |||| 00| 0 eng d
035 _a(Sirsi) u30119
041 _aeng
245 _aArchitects lose copyright
260 _c1989
350 _a0
490 _aEvening Standard
_v30/8/89 p23
520 _aFollowing changes to copyright law, the public may photocopy plans and drawings lodged at planning departments, to take them away and study them at leisure.
650 _aCOPYRIGHT DESIGN AND PATENTS ACT 1988 S47
650 _aPLANNING APPLICATIONS
690 _aPLANNING LAW AND PRACTICE
942 _n0
948 _c04/03/1997
999 _c20284
_d20284